| 000 | 00763cam a22002533a 4500 | ||
|---|---|---|---|
| 001 | 15808 | ||
| 003 | PGUSA | ||
| 005 | 20140828083334.0 | ||
| 008 | 050510s2005||||xxu|||||s|||||000 1 eng d | ||
| 040 |
_aPGUSA _beng |
||
| 042 | _adc | ||
| 050 | 4 | _aPR | |
| 100 | 1 |
_aBenson, Robert Hugh, _d1871-1914 |
|
| 245 | 1 | 4 |
_aThe History of Richard Raynal, Solitary _h[electronic resource] / _cRobert Hugh Benson |
| 260 |
_bProject Gutenberg, _c2005 |
||
| 506 | _aPublic domain in the USA. | ||
| 516 | _aElectronic text | ||
| 653 | _aHistorical fiction | ||
| 653 | _aHermits -- Fiction | ||
| 653 | _aGreat Britain -- History -- Henry VI, 1422-1461 -- Fiction | ||
| 830 | 0 |
_aProject Gutenberg _v15808 |
|
| 856 | 4 | 0 | _uhttp://www.gutenberg.org/ebooks/15808 |
| 942 | _cEB | ||
| 999 |
_c245063 _d245063 |
||